000 00387cam a2200145ua 4500
041 _aeng
_h
082 _a823.301
_bKIT/LI
100 _aKitte, Bengchong`s .
245 _aLittle readers for beginners step one /
_cBengchong`s kitte.
_hTextual Documents
260 _aLondon :
_bLongman Green and Co ,
_c1956.
300 _a17 ; .
504 _a
942 _cBK
999 _c12533
_d12533